00562nam a2200229Ia 4500003000400000005001700004006001800021007000300039008004100042020001500083037001700098040001800115041001300133082002200146100001800168245003800186260004200224300001400266490001600280650001100296700002500307OSt20220925200438.0a|||||r|||| 00| 0ta220923b |||||||| |||| 00| 0 eng d a8173030227 cGeneral Book aRTLcRTLbeng 2engaeng aY72.4445.N9, N4.1 aGautam Rajesh 0aTribal Ethnography of Nepal vol 1 aDelhibBook Faith India c1994 a380pccm. vV1 (380p) aTribes a Thapa-Magar Asoke K